| 000 | 00475nam a22001937a 4500 | ||
|---|---|---|---|
| 003 | MPLRDC | ||
| 005 | 20220104144059.0 | ||
| 008 | 210129b ||||| |||| 00| 0 eng d | ||
| 020 | _a957-10-2375-2 | ||
| 082 | _a854.8 GBC v.1 c.2 | ||
| 100 | _a郭宝昌 | ||
| 245 |
_a大宅门. 上 _c |
||
| 250 | _a初版 | ||
| 260 |
_a _b尖端出版社 _c2001 |
||
| 300 | _b平 | ||
| 490 | _a名剧精选小说. 5 | ||
| 650 | _a剧本--电视剧本 | ||
| 942 |
_cBK _o854.8 GBC v.1 c.2 |
||
| 999 |
_c46196 _d46186 |
||